Battlestar Galactica #8 /

Each and every month, Dynamite Entertainment is your only source for the all-new adventures of the crew of the Sci-Fi channel hit series, Battlestar Galactica! Read the stories that compliment the Peabody Award-winning TV series! This issue features the conclusion to the second thrilling story arc!...

Full description

Bibliographic Details
Corporate Author: Library Pass, LLC
Other Authors: Pak, Greg (writer.)
Format: eBook
Language:English
Published: [United States] : Dynamite, 2013.
Subjects:
Online Access:Connect to this electronic book (First time users create your free account)

MARC

Tag First Indicator Second Indicator Subfields
LEADER 00000nmm a22000001a 4500
001 in00004624421
006 m|||||o||m||||||||
007 cr|cn |||uuuuu
008 221118s2013 xxu||||eo|||| ||||||eng d
005 20221207221046.9
035 |a (TxWaIVM)IV17680DyBa 
040 |a TxWaIVM  |c TxWaIVM 
245 0 0 |a Battlestar Galactica #8 /  |c powered by Library Pass. 
260 3 |a [United States] :  |b Dynamite,  |c 2013. 
300 |a 1 online resource. 
336 |a text  |b txt  |2 rdacontent 
337 |a computer  |b c  |2 rdamedia 
338 |a online resource  |b cr  |2 rdacarrier 
520 |a Each and every month, Dynamite Entertainment is your only source for the all-new adventures of the crew of the Sci-Fi channel hit series, Battlestar Galactica! Read the stories that compliment the Peabody Award-winning TV series! This issue features the conclusion to the second thrilling story arc! Battle rages between the various factions, threatening to tear the fleet apart! It's Cylon versus Cylon! Human versus Human! And in the middle of it all, Sharon makes a fateful decision... 
521 |a 3 
538 |a Requires a valid library card and registration for new users. 
538 |a Mode of access: World Wide Web. 
538 |a System requirements: Flash 10.1 or higher, Windows XP and higher, Internet Explorer 7 and higher, Firefox 3.6 and higher, Google Chrome; Max OS 10.5 and higher, Safari 4 and higher. 
650 0 |a Comic books, strips, etc. 
655 7 |a Electronic books.  |2 local 
655 7 |a Comic books, strips, etc.  |2 gsafd 
650 0 |a Science fiction comic books, strips, etc. 
655 7 |a Science fiction comic books, strips, etc.  |2 gsafd 
700 1 |a Pak, Greg.  |e writer. 
700 1 |a Raynor, Nigel.  |e artist. 
710 2 |a Library Pass, LLC. 
856 4 0 |u http://proxy.library.tamu.edu/login?url=https://tamu.librarypass.com/product/com.iversecomics.dynamite.battlestar.galactica.eight.01142013  |z Connect to this electronic book (First time users create your free account)  |t 0 
955 |a Comics Plus. 
999 f f |s 565c67a5-5320-45e3-b73b-e3d0c65547f2  |i 63d9106a-b4b7-4252-a9b7-dfd620433914  |t 0 
952 f f |a Texas A&M University  |b College Station  |c Electronic Resources  |d Available Online  |t 0  |h Library of Congress classification 
998 f f |t 0  |l Available Online